[Event "5th Montenegro Open"]
[Site "Sozina SCG"]
[Date "2004.02.23"]
[Round "6"]
[White "Mateuta,G"]
[Black "Vlatkovic,M"]
[Result "1-0"]
[WhiteElo "2444"]
[BlackElo "2310"]

1.d4 Nf6 2.Nf3 e6 3.c4 Bb4+ 4.Nbd2 O-O 5.a3 Bxd2+ 6.Qxd2 a5 7.b3 d6 8.Bb2 Nbd7
9.g3 b6 10.Bg2 Bb7 11.O-O Ra7 12.Bh3 d5 13.c5 b5 14.Ne5 Ne4 15.Qe3 Ng5 16.Bg2 Nxe5
17.dxe5 Ra6 18.Qd3 Ra8 19.Rac1 Bc6 20.Rfd1 Qe7 21.Qe3 h6 22.f3 Rfc8 23.Rd4 Nh7
24.Rh4 Ng5 25.Bd4 Re8 26.Rg4 Kh8 27.Rf1 Nh7 28.Rh4 Qg5 29.f4 Qg6 30.g4 f5
31.exf6 gxf6 32.Qh3 e5 33.Rxh6 Qg7 34.Bb2 Bd7 35.f5 c6 36.g5 fxg5 37.Qh5  1-0

[Event "ch-BRA"]
[Site "Rio de Janeiro BRA"]
[Date "2004.03.02"]
[Round "8"]
[White "Disconzi da Silva,R"]
[Black "Reis,P"]
[Result "0-1"]
[WhiteElo "2367"]
[BlackElo "2301"]

1.d4 e6 2.Nf3 Nf6 3.c4 Bb4+ 4.Nbd2 b6 5.a3 Bxd2+ 6.Qxd2 Bb7 7.g3 O-O 8.Bg2 d6
9.O-O Nbd7 10.b3 Be4 11.Bb2 Qe7 12.Rfc1 a5 13.Bf1 c5 14.a4 Rad8 15.Nh4 e5
16.d5 h6 17.Bh3 g5 18.Nf5 Bxf5 19.Bxf5 Ne8 20.Rc3 Ng7 21.Qc2 Nxf5 22.Qxf5 Qf6
23.Rf3 Qxf5 24.Rxf5 f6 25.Kg2 Rf7 26.Rh1 Nf8 27.h4 Ng6 28.hxg5 hxg5 29.e4 Kg7
30.Bc1 Rff8 31.Rf3 Rh8 32.Rxh8 Rxh8 33.Rd3 g4 34.Rd1 Ne7 35.Be3 Kg6 36.Re1 f5
37.exf5+ Nxf5 38.Re2 Nd4 39.Bxd4 cxd4 40.f3 gxf3+ 41.Kxf3 Rh1 42.b4 Rc1 43.bxa5 bxa5
44.Rb2 Rc3+ 45.Ke2 Rxc4 46.Rb6 e4 47.Rxd6+ Kf5 48.Re6 d3+ 49.Ke3 Rd4 50.g4+ Kg5
51.Kxd4 d2 52.Rxe4 d1=Q+ 53.Kc5 Qd3 54.Rd4 Qa3+ 55.Kb5 Qd6 56.Rc4 Kh4 57.Kxa5 Qxd5+
58.Kb4 Qb7+ 59.Ka5 Kg5 60.Rb4 Qa7+ 61.Kb5 Kf6 62.Rf4+ Ke6 63.Rf5 Qd7+ 64.Kb4 Qd4+
65.Ka5 Qxg4 66.Rb5 Kd7 67.Rb7+ Kc6 68.Rb6+ Kc7 69.Rb4 Qe2 70.Rc4+ Kb7 71.Rb4+ Ka7
72.Rb5 Qe1+ 73.Rb4 Qd2  0-1

[Event "TCh-BEL2 2003-4"]
[Site "Belgium BEL"]
[Date "2004.03.23"]
[Round "11"]
[White "Sadkowsky,D"]
[Black "Deleyn,G"]
[Result "1-0"]
[WhiteElo "2320"]
[BlackElo "2272"]

1.d4 Nf6 2.c4 e6 3.Nf3 Bb4+ 4.Nbd2 d5 5.e3 O-O 6.Qc2 Ne4 7.Bd3 f5 8.O-O Nd7
9.cxd5 Bxd2 10.dxe6 Ba5 11.exd7 Bxd7 12.Qb3+ Kh8 13.Ne5 Nd6 14.Qd5 Bb4 15.a3 c6
16.Qf3 Ba5 17.b4 Bc7 18.a4 Be6 19.Ba3 Bd5 20.Qe2 Qh4 21.g3 Qh6 22.f3 Qe6
23.b5 Rfe8 24.Rac1 Nf7 25.f4 Bb6 26.bxc6 bxc6 27.Rc3 Rac8 28.Rfc1 Ba5 29.R3c2 Nxe5
30.fxe5 Qd7 31.Bd6 Bb6 32.Ra1 Bc7 33.Bc5 Bb6 34.Rb1 Bxc5 35.Rxc5 Rb8 36.Rcc1 g6
37.Qf1 Qe7 38.Rxb8 Rxb8 39.Rb1 Rxb1 40.Qxb1 Qg5 41.Qe1 Qg4 42.Qe2 Bf3 43.Qf2 Bd5
44.Bc2 Kg7 45.Kf1 Kf7 46.Ke1 Ke6 47.a5 g5 48.Qe2 Qh3 49.Kd2 h5 50.Kc3 Kd7
51.Qa6 f4 52.Qxa7+ Kc8 53.a6  1-0

[Event "1st Savaria IM"]
[Site "Szombathely HUN"]
[Date "2004.03.27"]
[Round "6"]
[White "Srebrnic,A"]
[Black "Petrienko,V"]
[Result "0-1"]
[WhiteElo "2206"]
[BlackElo "2425"]

1.d4 Nf6 2.c4 e6 3.Nf3 Bb4+ 4.Nbd2 d5 5.a3 Be7 6.Qc2 Nbd7 7.e4 dxe4 8.Nxe4 Nxe4
9.Qxe4 c5 10.dxc5 Nxc5 11.Qc2 a5 12.b3 O-O 13.Be2 Bd7 14.Ne5 Be8 15.Nd3 Bc6
16.Nxc5 Bxc5 17.O-O Qh4 18.Qd2 Bd4 19.Bb2 Bxb2 20.Qxb2 Qg5 21.g3 Qf5 22.Qd2 Qe4
23.f3 Rad8 24.Qe1 Qe3+ 25.Rf2 Qxb3 26.Qxa5 Ra8 27.Qc5 Qb2 28.Rd1 Qxa3 29.Qxa3 Rxa3
30.f4 Rfa8 31.Bf1 Kf8 32.Bg2 Ra1 33.Rd2 Rxd1+ 34.Rxd1 Ke7 35.Rd2 Ra4 36.Bxc6 bxc6
37.Rc2 h6 38.Kf2 Ra3 39.Ke2 g5 40.Rb2 gxf4 41.gxf4 Rc3 42.Rb7+ Kf6 43.Rb4 c5
44.Ra4 Kf5 45.h4 Kxf4 46.Ra7 f5 47.Rh7 e5  0-1

[Event "TCh-CZE Extraliga 2003-4"]
[Site "Czech Rep CZE"]
[Date "2004.04.03"]
[Round "10"]
[White "Navara,D"]
[Black "Stocek,J"]
[Result "1-0"]
[WhiteElo "2604"]
[BlackElo "2552"]

1.d4 Nf6 2.Nf3 e6 3.c4 Bb4+ 4.Nbd2 b6 5.a3 Bxd2+ 6.Qxd2 O-O 7.e3 c5 8.dxc5 bxc5
9.b4 Qe7 10.Be2 cxb4 11.axb4 Ne4 12.Qb2 Na6 13.c5 Nc7 14.O-O Bb7 15.Nd4 f5
16.f3 Ng5 17.Qd2 Rf6 18.e4 h6 19.exf5 exf5 20.Bb2 a6 21.Bc4+ Kh7 22.Rae1 Qf8
23.h4 Nf7 24.Nxf5 Rxf5 25.Bd3  1-0

[Event "ACP Blitz Prelim2"]
[Site "playchess.com INT"]
[Date "2004.04.13"]
[Round "7"]
[White "Zhukova,N"]
[Black "Macieja,B"]
[Result "1-0"]
[WhiteElo "2471"]
[BlackElo "2633"]

1.d4 Nf6 2.c4 e6 3.Nf3 Bb4+ 4.Nbd2 b6 5.a3 Bxd2+ 6.Qxd2 Bb7 7.e3 O-O 8.Be2 d6
9.O-O Nbd7 10.b4 Ne4 11.Qd3 f5 12.Bb2 Rf6 13.d5 e5 14.Nd2 Nxd2 15.Qxd2 f4
16.Bg4 Nf8 17.c5 Bc8 18.Bxc8 Rxc8 19.exf4 Rxf4 20.g3 Rf3 21.Kg2 Rf7 22.f4 exf4
23.Rxf4 Rxf4 24.Qxf4 dxc5 25.Qe5 Qd7 26.bxc5 Ng6 27.Qd4 Re8 28.c6 Qd6 29.Qxg7+  1-0

[Event "TCh-RUS w"]
[Site "Sochi RUS"]
[Date "2004.04.22"]
[Round "3"]
[White "Mkrtchian,L"]
[Black "Demina,J"]
[Result "1/2-1/2"]
[WhiteElo "2387"]
[BlackElo "2335"]

1.d4 Nf6 2.c4 e6 3.Nf3 Bb4+ 4.Nbd2 b6 5.a3 Bxd2+ 6.Qxd2 Bb7 7.e3 Ne4 8.Qc2 O-O
9.Bd3 f5 10.O-O Rf6 11.Ne1 Rh6 12.g3 Rg6 13.f3 Ng5 14.e4 fxe4 15.fxe4 e5
16.d5 d6 17.Ng2 Rf6 18.Be3 Nd7 19.Nh4 Rxf1+ 20.Bxf1 a5 21.b3 Nc5 22.Bg2 Bc8
23.Rf1 Bg4 24.b4 axb4 25.axb4 Nd7 26.Qb3 h6 27.Qb2 Ra4 28.Qd2 Ra3 29.Nf5 Bh5
30.h3 Kh7 31.Kh2 Be8 32.h4 Nf7 33.Qe2 Nf6 34.Bd2 h5 35.Bf3 g6 36.Ne3 Nh6
37.Kg2 Ra2 38.Rc1 Bd7 39.Rc2 Qa8 40.Bc1 Rxc2 41.Qxc2 Bg4 42.c5 Bxf3+ 43.Kxf3 bxc5
44.bxc5 Qf8 45.Kg2 dxc5 46.Nc4 Nhg4 47.Be3 Nxe3+ 48.Nxe3 Qe7 49.Nc4 Ng4 50.Qe2 Kg7
51.Nd2 Qd7 52.Qa6 Nf6 53.Qb7 Kh6 54.Qb8 Kg7 55.Qb7 Kh6 56.Qb2 Qe7 57.Qc3 Kg7
58.Kf3 Nd7 59.Ke2 g5 60.Nf3 gxh4 61.gxh4 Qf6 62.Ng5 Qa6+ 63.Ke1 Qg6 64.Qf3 Nf8
65.Qg3 Kf6 66.Qh3 Ke7 67.Qc3 Nd7 68.Qf3 Kd8 69.Ne6+ Kc8 70.Kd2 c6 71.Kc3 cxd5
72.exd5 Qg4 73.Qf1 Qb4+ 74.Kc2 c4 75.Qf7 Qb3+ 76.Kc1 Qc3+ 77.Kb1 Qb3+ 78.Kc1 Qe3+
79.Kd1 Qd3+ 80.Kc1 Qc3+  1/2-1/2

[Event "TCh-RUS w"]
[Site "Sochi RUS"]
[Date "2004.04.24"]
[Round "5"]
[White "Dushenok,A"]
[Black "Zaiatz,E"]
[Result "1/2-1/2"]
[WhiteElo "2238"]
[BlackElo "2344"]

1.d4 Nf6 2.c4 e6 3.Nf3 Bb4+ 4.Nbd2 b6 5.e3 Bb7 6.Bd3 O-O 7.O-O d5 8.cxd5 exd5
9.Ne5 Ne4 10.Qc2 Bxd2 11.Bxd2 f6 12.Nf3 Nd7 13.b4 f5 14.Rac1 c6 15.a4 Rc8
16.Qd1 c5 17.bxc5 bxc5 18.dxc5 Nexc5 19.Bb4 Qb6 20.Rb1 Qf6 21.Nd4 g6 22.Bb5 Rf7
23.Rc1 a6 24.Bxd7 Nxd7 25.Rxc8+ Bxc8 26.Qc2 Nb6 27.Qc5 Bb7 28.a5 Nc4 29.Bc3 Qd6
30.Qxd6 Nxd6 31.Rb1 Rc7 32.Bb4 Nc4 33.Ne6 Rc8 34.Be1 Bc6 35.Nd4 Ba8 36.Kf1 Kf7
37.Ke2 Ke7 38.Bb4+  1/2-1/2

[Event "Capablanca Mem Premier II"]
[Site "Havana CUB"]
[Date "2004.05.12"]
[Round "7"]
[White "Almeida,O"]
[Black "Hernandez,Rom"]
[Result "1/2-1/2"]
[WhiteElo "2426"]
[BlackElo "2420"]

1.d4 Nf6 2.Nf3 e6 3.c4 Bb4+ 4.Nbd2 d5 5.a3 Be7 6.e3 O-O 7.Bd3 b6 8.O-O c5
9.cxd5 exd5 10.b3 Nbd7 11.Bb2 Bb7 12.Ne5 Nxe5 13.dxe5 Ne4 14.Nf3 Qe8 15.Qe2 Qc6  1/2-1/2

[Event "29th Elekes Mem GM"]
[Site "Budapest HUN"]
[Date "2004.05.22"]
[Round "8"]
[White "Izsak,Gyu"]
[Black "Anka,E"]
[Result "1-0"]
[WhiteElo "2456"]
[BlackElo "2422"]

1.d4 Nf6 2.Nf3 e6 3.c4 Bb4+ 4.Nbd2 b6 5.g3 Bb7 6.Bg2 O-O 7.O-O d5 8.cxd5 Bxd5
9.Qc2 Nbd7 10.e4 Bb7 11.e5 Nd5 12.Ne4 Re8 13.Bg5 Be7 14.a3 a5 15.Rfd1 h6
16.Bxe7 Qxe7 17.Rac1 Ra7 18.Qe2 Rb8 19.Nfd2 Ba6 20.Qg4 c5 21.Nd6 cxd4 22.Qxd4 Nc5
23.Bxd5 exd5 24.Rc3 Qe6 25.Nf3 Be2 26.Rd2 Bxf3 27.Rxf3 f6 28.Qxd5 fxe5 29.b4 axb4
30.axb4 Qxd5 31.Rxd5 Nd7 32.Ne4 Rf8 33.Re3 Rf7 34.Re2 Ra1+ 35.Kg2 Rb1 36.b5 Nf6
37.Nxf6+ gxf6 38.Rc2 Rb7 39.Rc6 Kg7 40.Rdd6 Rxb5 41.Rxf6 h5 42.Rg6+ Kf8 43.Rc8+ Kf7
44.Rg5 Ke6 45.Rxh5 Rf7 46.Rh6+ Kd5 47.Rcc6 Rb2 48.Rhd6+ Ke4 49.Rf6 Rb7 50.h4 b5
51.h5 Rd2 52.Rb6 Rdd7 53.h6 b4 54.Rg6 b3 55.Rxb7 Rxb7 56.Rg7 Rb8 57.h7 Rh8
58.Rb7 b2 59.Rxb2 Rxh7 60.Rb5 Rh8 61.f3+ Kd4 62.g4 Re8 63.Kg3 Kc4 64.Ra5 Kb4
65.Ra6 Kb5 66.Rf6 Kc5 67.g5 Kd5 68.Kg4 e4 69.fxe4+ Kxe4 70.g6 Ke5 71.Kg5 Ra8
72.Rf2 Ra1 73.Re2+ Kd6 74.g7 Rg1+ 75.Kf6 Kd7 76.Re5  1-0

[Event "TCh-BIH"]
[Site "Neum BIH"]
[Date "2004.06.02"]
[Round "5"]
[White "Bilobrk,F"]
[Black "Zelcic,R"]
[Result "0-1"]
[WhiteElo "2338"]
[BlackElo "2509"]

1.d4 Nf6 2.c4 e6 3.Nf3 Bb4+ 4.Nbd2 b6 5.a3 Bxd2+ 6.Qxd2 Bb7 7.e3 O-O 8.Be2 a5
9.b3 d6 10.O-O Nbd7 11.Bb2 Qe7 12.b4 Ne4 13.Qc2 f5 14.Rfd1 Ndf6 15.Nd2 Ng5
16.f3 b5 17.bxa5 bxc4 18.Nxc4 Nd5 19.Bc1 Qf6 20.Qd2 Qg6 21.Rf1 Nf6 22.Nb2 Nh5
23.Nd3 f4 24.e4 Rf6 25.Nf2 Raf8 26.a6 Bxa6 27.Ng4 Bxe2 28.Qxe2 R6f7 29.a4 Nf6
30.Nf2 d5 31.e5 Nfe4 32.Nd3 Rf5 33.a5 Qh5 34.a6 Nh3+ 35.gxh3 Rg5+ 36.Qg2 Rxg2+
37.Kxg2 Qg6+ 38.Kh1 Ng3+ 39.hxg3 Qxd3 40.Bxf4 Ra8 41.Rf2 Rxa6 42.Rxa6 Qxa6
43.Kg2 Qc4 44.Rd2 c5 45.Be3 Qc3 46.Kf2 c4 47.h4 Qb3 48.Re2 Qb1 49.Re1 Qb2+
50.Kg1 c3 51.Bc1 Qc2 52.g4 g6 53.Be3 h5 54.gxh5 gxh5 55.Bc1 Kf7 56.Be3 Ke8
57.Bc1 Kd7 58.Be3 Qa2 59.Bc1 Kc6 60.Rf1 Qc2 61.Re1 Kb5 62.Bg5 Kc4 63.Be3 Qd3
64.Kf2 c2 65.Ra1 Qd1 66.Ra5 Qh1 67.Rc5+ Kd3 68.Bf4 Qxh4+ 69.Bg3 Qxd4+  0-1

[Event "Masters"]
[Site "Grenoble FRA"]
[Date "2004.06.22"]
[Round "5"]
[White "Silva,Se"]
[Black "Bardel,S"]
[Result "0-1"]
[WhiteElo "2352"]
[BlackElo "2278"]

1.d4 e6 2.c4 Nf6 3.Nf3 Bb4+ 4.Nbd2 b6 5.g3 Ba6 6.Qc2 Bb7 7.Bg2 Be4 8.Qd1 O-O
9.O-O Bxd2 10.Qxd2 d6 11.b3 Nbd7 12.Bb2 Qe7 13.Rfe1 a5 14.Bh3 h6 15.Qe3 Rfe8
16.Nd2 Bb7 17.Qc3 Ne4 18.Nxe4 Bxe4 19.f3 Bg6 20.e4 f6 21.a3 e5 22.d5 Nc5
23.Ra2 Rf8 24.g4 h5 25.gxh5 Bxh5 26.Bc1 g5 27.Rg2 a4 28.b4 Nb3 29.Be6+ Bf7
30.f4 Bxe6 31.fxg5 f5 32.dxe6 Qxe6 33.exf5 Rxf5 34.g6 Raf8 35.Qe3 Qxc4 36.Rge2 Qd4
37.Rc2 Rg5+ 38.Rg2 Rgf5 39.Rc2 Rf1+ 40.Rxf1 Rxf1+ 41.Kxf1 Qd1+ 42.Qe1 Qxc2
43.Be3 Qxh2 44.Qc3 Qh3+ 45.Kf2 Qf5+ 46.Ke2 Qg4+ 47.Ke1 Qg3+ 48.Kf1 Qf3+ 49.Kg1 b5
50.g7 Qg4+ 51.Kh2 Qh4+ 52.Kg2 Qc4 53.Qe1 Qe4+ 54.Kg1 Nd4 55.Qf2 Qg6+ 56.Kh2 Qh7+
57.Kg2 Qxg7+ 58.Kh2 Qh7+ 59.Kg2 Qg6+ 60.Kh2 c5 61.bxc5 dxc5 62.Bxd4 exd4
63.Qf4 Qh5+ 64.Kg3 d3 65.Qb8+ Kh7 66.Qc7+ Kh6 67.Qd8 Qe5+ 68.Kf3 d2 69.Qf8+ Kg6
70.Qg8+ Qg7 71.Qd5 Qf7+  0-1

[Event "2nd Infineon IM"]
[Site "Budapest HUN"]
[Date "2004.06.25"]
[Round "1"]
[White "Alfred,N"]
[Black "Bindrich,F"]
[Result "0-1"]
[WhiteElo "2356"]
[BlackElo "2253"]

1.d4 Nf6 2.Nf3 e6 3.c4 Bb4+ 4.Nbd2 b6 5.a3 Bxd2+ 6.Bxd2 Bb7 7.Bg5 h6 8.Bh4 g5
9.Bg3 Ne4 10.e3 c5 11.Bd3 Nxg3 12.hxg3 Qf6 13.Qc2 Bxf3 14.gxf3 cxd4 15.exd4 Nc6
16.O-O-O Nxd4 17.Qa4 Qxf3 18.Rhe1 Qxf2 19.Re4 Nc6 20.g4 O-O 21.Rf1 Qg3 22.Qd1 Rad8
23.Rf3 Qc7 24.Rf6 d5 25.Re3 dxc4 26.Rexe6 fxe6 27.Rg6+ Kf7 28.Qe2 Nd4  0-1

[Event "TCh-CRO"]
[Site "Rabac CRO"]
[Date "2004.06.26"]
[Round "8"]
[White "Bukal,V jr"]
[Black "Fucak,E"]
[Result "1-0"]
[WhiteElo "2381"]
[BlackElo "2306"]

1.d4 Nf6 2.c4 e6 3.Nf3 Bb4+ 4.Nbd2 b6 5.g3 Ba6 6.a3 Bxd2+ 7.Nxd2 Bb7 8.Nf3 O-O
9.Bg2 d6 10.O-O Nbd7 11.b4 Qe7 12.Bb2 Be4 13.Qb3 c6 14.Rfd1 Rfc8 15.Rac1 a6
16.Qe3 b5 17.c5 d5 18.Bc3 Ng4 19.Qf4 Nh6 20.Qd2 f6 21.Qb2 Nf7 22.Bh3 Re8
23.a4 Bf5 24.Bg2 Be4 25.Ra1 e5 26.Ra2 Bxf3 27.exf3 exd4 28.Bxd4 Nf8 29.Qa1 Rac8
30.f4 Qd7 31.h4 Rc7 32.Bc3 Qg4 33.Re1 Qc8 34.Rxe8 Qxe8 35.axb5 axb5 36.Bh3 h5
37.Ra8 Qe7 38.Bf5 Nh8 39.Qa5 Kf7 40.Qb6 Nhg6 41.Qb8 Nh8 42.Qb6 Nhg6 43.Bc2 Nh8
44.Rxf8+ Kxf8 45.Qb8+ Kf7 46.Qxh8 Qe2 47.Bh7 Qg4 48.f5  1-0

[Event "2nd Infineon IM"]
[Site "Budapest HUN"]
[Date "2004.06.27"]
[Round "3"]
[White "Juhasz,B"]
[Black "Bindrich,F"]
[Result "1-0"]
[WhiteElo "2211"]
[BlackElo "2253"]

1.d4 Nf6 2.c4 e6 3.Nf3 Bb4+ 4.Nbd2 b6 5.e3 Bb7 6.Bd3 O-O 7.O-O c5 8.a3 Bxd2
9.Bxd2 Ne4 10.Be1 f5 11.Qc2 Ng5 12.Nxg5 Qxg5 13.f4 Qg6 14.b4 d6 15.Bc3 Nd7
16.d5 exd5 17.Rf3 Qe6 18.Rg3 g6 19.cxd5 Bxd5 20.Re1 Nf6 21.Bxf5 Qe7 22.Bxg6 Kh8
23.Bxh7 cxb4 24.axb4 Rac8 25.Bf5 Rc4 26.Qb2 Be4 27.Bxe4 Rxe4 28.Rg6  1-0

[Event "7th Medoc Wines Open"]
[Site "Naujac sur Mer FRA"]
[Date "2004.07.03"]
[Round "8"]
[White "Teske,H"]
[Black "Cioara,A"]
[Result "1-0"]
[WhiteElo "2542"]
[BlackElo "2373"]

1.d4 Nf6 2.Nf3 e6 3.c4 Bb4+ 4.Nbd2 b6 5.a3 Bxd2+ 6.Bxd2 Bb7 7.g3 O-O 8.Bg2 d6
9.O-O Nbd7 10.b4 Qe7 11.Rc1 c5 12.Qb3 Ne4 13.Be3 Ndf6 14.h3 Rac8 15.Rfd1 d5
16.dxc5 bxc5 17.bxc5 Nxc5 18.Qb4 a5 19.Qb6 dxc4 20.Rxc4 Nce4 21.Rxc8 Rxc8
22.Rb1 Bd5 23.Qxa5 Nc3 24.Rb2 h6 25.Bd4 Nfe4 26.Bxc3 Nxc3 27.Rc2 Qf6 28.Kh2 Rc6
29.e4 Nxe4 30.Qa8+ Kh7 31.Rxc6 Qb2 32.Qa4 Qxf2 33.Rc2 Qxg3+ 34.Kg1 Nf6 35.Qh4 Qd6
36.Qb4 Qg3 37.Qe1 Qg6 38.Rf2 Ne4 39.Ne5 Qg3 40.Re2 Qxe5 41.Bxe4+  1-0

[Event "TCh-GRE"]
[Site "Aghia Pelagia GRE"]
[Date "2004.07.07"]
[Round "5"]
[White "Grivas,E"]
[Black "Kalesis,N"]
[Result "1-0"]
[WhiteElo "2520"]
[BlackElo "2440"]

1.d4 Nf6 2.c4 e6 3.Nf3 Bb4+ 4.Nbd2 d5 5.a3 Be7 6.g3 O-O 7.Bg2 b6 8.O-O Bb7
9.cxd5 Bxd5 10.Qc2 Nbd7 11.e4 Bb7 12.e5 Nd5 13.Ne4 h6 14.Re1 c5 15.dxc5 Nxc5
16.Nxc5 Bxc5 17.b4 Be7 18.Qe4 Qd7 19.Qg4 Kh8 20.Qh5 Kg8 21.Bxh6 gxh6 22.Qxh6 f5
23.Qg6+ Kh8 24.Nd4 Bc8 25.Rad1 Rd8 26.Nxf5 Bf8 27.Re4 Bg7 28.Rh4+ Kg8 29.Bxd5 exd5
30.Rxd5  1-0

[Event "22nd Open"]
[Site "Andorra la Vella AND"]
[Date "2004.07.08"]
[Round "6"]
[White "Oms Pallise,J"]
[Black "Narciso Dublan,M"]
[Result "1/2-1/2"]
[WhiteElo "2518"]
[BlackElo "2484"]

1.d4 Nf6 2.c4 e6 3.Nf3 Bb4+ 4.Nbd2 O-O 5.a3 Bxd2+ 6.Bxd2 b6 7.Bg5 Bb7 8.e3 d6
9.Be2 Nbd7 10.O-O c5 11.Bh4 Rc8 12.b4 Qc7 13.Nd2 Qb8 14.Re1 Qa8 15.Bf1 Rfe8
16.Qb3 cxd4 17.exd4 e5 18.Rad1 h6 19.f3 Qb8 20.dxe5 dxe5 21.Ne4 Bxe4 22.fxe4 Qb7
23.Rd6 Rc6 24.Rdd1 Rc7 25.Qf3 Nh7 26.Bf2 Ng5 27.Qd3 Nf6 28.g3 Nfxe4 29.Bg2 Nxf2
30.Kxf2 e4 31.h4 Qc8 32.Qd5 Nh3+ 33.Kf1 Qg4 34.Rxe4 Rxe4 35.Bxe4 g6 36.Qd8+ Kg7
37.Qxc7 Qxe4 38.Rd2 Qh1+ 39.Ke2 Qe4+ 40.Kd1 Qb1+ 41.Ke2 Qe4+ 42.Kd1 Qb1+
43.Ke2 Qe4+  1/2-1/2

[Event "ACT Open"]
[Site "Amsterdam NED"]
[Date "2004.07.17"]
[Round "1"]
[White "Visser,HJ"]
[Black "Martens,M"]
[Result "0-1"]
[WhiteElo "2243"]
[BlackElo "2430"]

1.d4 Nf6 2.c4 e6 3.Nf3 Bb4+ 4.Nbd2 d5 5.e3 O-O 6.a3 Be7 7.b3 c5 8.Bb2 Nc6
9.Bd3 cxd4 10.exd4 b6 11.Qe2 a5 12.Rc1 Ba6 13.O-O Rc8 14.Rfd1 g6 15.Nf1 Nh5
16.Qd2 Bb7 17.Ne3 Bf6 18.Bf1 Bg7 19.g3 Nf6 20.Bh3 a4 21.bxa4 Na5 22.c5 Nb3
23.Qb4 Nxc1 24.Rxc1 bxc5 25.dxc5 Ba8 26.Nd4 Ne4 27.c6 Ng5 28.Bg2 e5 29.Nb5 Rxc6
30.Rd1 d4 31.h4 Ne6 32.Nd5 Rc5 33.Ndc3  0-1

[Event "GM"]
[Site "Balatonlelle HUN"]
[Date "2004.07.20"]
[Round "2"]
[White "Heinzel,O"]
[Black "Brueggemann,Jo"]
[Result "0-1"]
[WhiteElo "2402"]
[BlackElo "2408"]

1.d4 Nf6 2.c4 e6 3.Nf3 Bb4+ 4.Nbd2 a5 5.a3 Bxd2+ 6.Bxd2 a4 7.Qc2 d6 8.e4 Qe7
9.e5 Nfd7 10.Be2 dxe5 11.dxe5 Nc6 12.Bc3 Nc5 13.O-O b6 14.Ne1 Bb7 15.f4 Nb3
16.Rd1 Qc5+ 17.Kh1 Ncd4 18.Qd3 O-O-O 19.Nc2 Nf5 20.Qh3 Rxd1 21.Rxd1 Qf2 22.Bd3 Rd8
23.Rg1 Nh4 24.Ne1 Nc5 25.Bb1 Qxf4 26.Qg3 Qh6 27.Nf3 Nxf3 28.gxf3 Qe3 29.Rf1 Rd1
30.Kg2 Rxf1 31.Kxf1 Bxf3 32.Bxh7 g6 33.Bg8 Qe2+ 34.Kg1 Ne4 35.Qh3 Qf2+  0-1

[Event "Open"]
[Site "Charleroi BEL"]
[Date "2004.08.02"]
[Round "4"]
[White "Ivanov,MM"]
[Black "Van Mechelen,J"]
[Result "1/2-1/2"]
[WhiteElo "2463"]
[BlackElo "2271"]

1.d4 Nf6 2.c4 e6 3.Nf3 Bb4+ 4.Nbd2 c5 5.a3 Bxd2+ 6.Qxd2 b6 7.e3 O-O 8.Be2 cxd4
9.Nxd4 Bb7 10.O-O Nc6 11.b4 d5 12.Bb2 Ne4 13.Qd1 dxc4 14.Bxc4 Rc8 15.Nxc6 Rxc6
16.Qg4 Qg5 17.Qxg5 Nxg5 18.Rfc1 Rd8 19.f3 f6 20.h4 Nf7 21.Bb3 Rd2 22.Rxc6 Bxc6
23.Bd4 Bd5 24.Bxd5 exd5 25.a4 Ne5 26.a5 Nc6 27.axb6 axb6 28.Bxb6 Nxb4 29.Ra8+ Kf7
30.Ra7+ Kg6 31.Bc5 Nc6 32.Rc7 Nd8 33.Re7 h5 34.Bb6 Nc6 35.Rc7 Ne5 36.Bd4 Nd3
37.Rd7 Nf4 38.exf4 Rxd4 39.g3 Rd2 40.Kf1 d4 41.Ke1 Rg2 42.Rxd4 f5 43.Rd6+ Kf7
44.Rd7+ Kf6 45.Rd6+ Kf7 46.Rd7+ Kf6  1/2-1/2

[Event "HZ Open"]
[Site "Vlissingen NED"]
[Date "2004.08.08"]
[Round "3"]
[White "Van Beek,A"]
[Black "Iordachescu,V"]
[Result "0-1"]
[WhiteElo "2255"]
[BlackElo "2633"]

1.d4 Nf6 2.c4 e6 3.Nf3 Bb4+ 4.Nbd2 O-O 5.a3 Bxd2+ 6.Qxd2 d6 7.b4 b6 8.e3 Nbd7
9.Bb2 Bb7 10.Be2 Ne4 11.Qc2 f5 12.O-O Rf6 13.d5 Rg6 14.Rfd1 c5 15.Nd2 exd5
16.cxd5 Qh4 17.Nxe4 fxe4 18.g3 Qe7 19.Bf1 h5 20.Bh3 Rf8 21.Bxd7 Qxd7 22.Qxe4 Qf7
23.Qg2 h4 24.Rd2 h3 25.Qe4 Bc8 26.bxc5 bxc5 27.Rc1 Re8 28.Qh1 Bb7 29.Rcd1 Qf5
30.Rd3 Ba6 31.R3d2 Rg4 32.f3 Qg5  0-1

[Event "HZ Open"]
[Site "Vlissingen NED"]
[Date "2004.08.09"]
[Round "4"]
[White "Schandorff,L"]
[Black "Meier,V"]
[Result "1-0"]
[WhiteElo "2496"]
[BlackElo "2290"]

1.d4 Nf6 2.c4 e6 3.Nf3 Bb4+ 4.Nbd2 d5 5.Qa4+ Nc6 6.a3 Bxd2+ 7.Bxd2 Ne4 8.Rd1 Nxd2
9.Rxd2 O-O 10.e3 Bd7 11.cxd5 exd5 12.Qb3 Bc8 13.Bd3 Ne7 14.O-O c6 15.a4 a5
16.Rc1 Rb8 17.Qc2 g6 18.Qc5 Bf5 19.Bf1 Qc7 20.b3 Rfd8 21.Rb2 Ra8 22.Nd2 Nc8
23.h3 Qd6 24.b4 axb4 25.Rxb4 Qxc5 26.Rxc5 Nd6 27.f3 Re8 28.Kf2 Kf8 29.Nb3 Ra7
30.a5 Bd7 31.Rc1 Ke7 32.g4 h6 33.Bd3 Kd8 34.Re1 Be6 35.Nc5 Kc7 36.Reb1 Bc8
37.Nb3 Be6 38.Nc5 Bc8 39.Ra1 Bd7 40.e4 Rea8 41.e5 Nc4 42.Bxc4 dxc4 43.Ke3 Bc8
44.Rba4 Be6 45.f4 Bd5 46.Kd2 h5 47.g5 h4 48.R4a3 b6 49.axb6+ Kxb6 50.Rxa7 Rxa7
51.Rxa7 Kxa7 52.f5 gxf5 53.e6 fxe6 54.g6 f4 55.g7 e5 56.dxe5 f3 57.e6 c3+
58.Kxc3 f2 59.g8=Q f1=Q 60.Qg7+ Kb6 61.Qb7+  1-0

[Event "TCh-SCG Women"]
[Site "Budva SCG"]
[Date "2004.09.08"]
[Round "1"]
[White "Vasic,M"]
[Black "Zivkovic,Ves"]
[Result "1-0"]
[WhiteElo "2213"]
[BlackElo "2141"]

1.d4 Nf6 2.c4 e6 3.Nf3 Bb4+ 4.Nbd2 O-O 5.a3 Be7 6.g3 d6 7.Bg2 Nbd7 8.O-O Re8
9.e4 e5 10.Re1 a5 11.b3 exd4 12.Nxd4 Ne5 13.Qc2 Bd7 14.Bb2 Qc8 15.Nf1 Bh3
16.Bh1 Bxf1 17.Kxf1 Nfd7 18.Rad1 Bf6 19.Bg2 g6 20.Nb5 Nc6 21.Bh3 Bxb2 22.Qxb2 Re7
23.Nc3 f5 24.exf5 Rxe1+ 25.Rxe1 Nde5 26.Qd2 Ne7 27.Kg2 Nxf5 28.Nd5 Kf7 29.Qg5 Qd8
30.Qxd8 Rxd8 31.Bxf5 gxf5 32.Nxc7 a4 33.f4 Ng4 34.b4 Rc8 35.Nb5 Rc6 36.h3 Nf6
37.Rd1 Ne4 38.Rd4 h5 39.g4 d5 40.Rxd5 Rxc4 41.Rxf5+ Kg6 42.Rxh5  1-0

[Event "8th WUCC"]
[Site "Instanbul TUR"]
[Date "2004.09.08"]
[Round "5"]
[White "Svetushkin,D"]
[Black "Bocharov,D"]
[Result "1/2-1/2"]
[WhiteElo "2546"]
[BlackElo "2569"]

1.d4 Nf6 2.c4 e6 3.Nf3 Bb4+ 4.Nbd2 O-O 5.a3 Be7 6.e4 d5 7.e5 Nfd7 8.Bd3 c5
9.O-O Nc6 10.cxd5 exd5 11.Re1 a5 12.Nf1 cxd4 13.Be2 Nc5 14.Nxd4 Nxd4 15.Qxd4 Ne6
16.Qd3 g6 17.Bh6 Re8 18.Rad1 d4 19.Ng3 Bd7 20.Nf5 gxf5 21.Qxf5 Ng5 22.Qd3 Ra6
23.e6 Bxe6 24.h4 Bc4 25.Qxc4 Rxh6 26.hxg5 Bxg5  1/2-1/2

[Event "TCh-CRO"]
[Site "Rabac CRO"]
[Date "2004.09.09"]
[Round "5"]
[White "Bilobrk,F"]
[Black "Kurajica,B"]
[Result "1/2-1/2"]
[WhiteElo "2328"]
[BlackElo "2540"]

1.d4 Nf6 2.c4 e6 3.Nf3 Bb4+ 4.Nbd2 O-O 5.a3 Bxd2+ 6.Qxd2 d6 7.b4 a5 8.Bb2 axb4
9.axb4 Rxa1+ 10.Bxa1 b5 11.cxb5 Bd7 12.e3 Qe8 13.Qd3 c6 14.bxc6 Nxc6 15.b5 Nb4
16.Qb3 Qa8 17.Bc3 Nbd5 18.Bd3 Nxc3 19.Qxc3 Nd5 20.Qb2 Qa5+ 21.Qd2 Qa1+ 22.Qd1 Qxd1+
23.Kxd1 Ra8 24.Kd2 Ra2+ 25.Bc2 Nb4 26.Rc1 Bxb5 27.Kc3 Nd5+ 28.Kb3 Ra8 29.Be4 Rb8
30.Bxd5 Bc6+ 31.Kc3 Bxd5 32.Ne1 f5 33.f3 Kf7 34.Nd3 Kf6 35.Ra1 Rb3+ 36.Kd2 Bc4
37.Ne1 g5 38.Rc1 Bf1 39.Rc6 Rb2+ 40.Rc2 Rb6 41.g3 e5 42.dxe5+ dxe5 43.Kc1 Rd6
44.Rd2 Ra6 45.Nc2 Bc4 46.Kb2 Be6 47.f4 Rb6+ 48.Kc1 h6 49.Rd8 gxf4 50.gxf4 Ke7
51.Rd2 Bb3 52.fxe5  1/2-1/2

[Event "TCh-SCG Men"]
[Site "Budva SCG"]
[Date "2004.09.12"]
[Round "5"]
[White "Zivanic,M"]
[Black "Ivanovic,B"]
[Result "1-0"]
[WhiteElo "2435"]
[BlackElo "2445"]

1.d4 Nf6 2.c4 e6 3.Nf3 Bb4+ 4.Nbd2 b6 5.g3 Bb7 6.Bg2 O-O 7.a3 Bxd2+ 8.Qxd2 c5
9.O-O cxd4 10.Qxd4 Nc6 11.Qh4 Na5 12.Bd2 Nb3 13.Rad1 Nxd2 14.Rxd2 Qc7 15.Rfd1 Rac8
16.Rd4 Bxf3 17.exf3 e5 18.Rd6 Qxc4 19.Qg5 Qb3 20.Qxe5 Rfe8 21.Qd4 Rc4 22.Qd3 Qxd3
23.R6xd3 Rc2 24.b4 Ree2 25.Rf1 Red2 26.Rxd2 Rxd2 27.Rc1 Kf8 28.Rc8+ Ke7 29.Ra8 d5
30.Rxa7+ Kd6 31.Kf1 Ra2 32.Ra8 Ke7 33.f4 Ra1+ 34.Ke2 Ra2+ 35.Kf3 h5 36.h3 Rb2
37.Ke3 Rb3+ 38.Kd4 Rb2 39.Ra7+ Kd6 40.Bf1 Rxf2 41.Bd3 h4 42.Rxf7 hxg3 43.Rxg7 Rxf4+
44.Ke3 Rf2 45.Rxg3 Ra2 46.Rf3 Ke5 47.Rf5+ Ke6 48.Kd4 Rxa3 49.Re5+ Kf7 50.Re1 Ra4
51.Ke5 Nd7+ 52.Kd6 Nf6 53.Re7+ Kg8 54.Ke6 Nh5 55.Bh7+ Kh8 56.Bc2 Ra2 57.Rh7+ Kg8
58.Rxh5 Rxc2 59.Rxd5 Rc3 60.Rd8+ Kg7 61.Rd6 Rxh3 62.Kd5 Rh5+ 63.Kc6 b5 64.Rd5 Rh8
65.Kxb5 Rb8+ 66.Kc4 Kf6 67.b5 Ke6 68.Rd1 Rc8+ 69.Kb4 Ke7 70.b6 Rd8 71.Rxd8 Kxd8
72.Kb5  1-0

[Event "2nd Saipa Cup"]
[Site "Tehran IRI"]
[Date "2004.09.16"]
[Round "5"]
[White "Neverov,V"]
[Black "Ulibin,M"]
[Result "1/2-1/2"]
[WhiteElo "2537"]
[BlackElo "2586"]

1.d4 Nf6 2.c4 e6 3.Nf3 Bb4+ 4.Nbd2 b6 5.e3 Bb7 6.Bd3 O-O 7.O-O d5 8.b3 Nbd7
9.Bb2 Ne4 10.Rc1 f5  1/2-1/2

[Event "Match"]
[Site "Siauliai LTU"]
[Date "2004.09.21"]
[Round "3"]
[White "Cmilyte,V"]
[Black "Kovalevskaya,E"]
[Result "1-0"]
[WhiteElo "2448"]
[BlackElo "2470"]

1.d4 Nf6 2.c4 e6 3.Nf3 Bb4+ 4.Nbd2 O-O 5.a3 Be7 6.e4 d5 7.Bd3 c5 8.e5 Nfd7
9.cxd5 exd5 10.O-O Nc6 11.Re1 a5 12.Bc2 cxd4 13.Nb3 Re8 14.Nbxd4 Nf8 15.Nxc6 bxc6
16.Nd4 Bd7 17.f4 Bc5 18.Kh1 f6 19.Nf3 fxe5 20.fxe5 Bg4 21.Qd3 Qc7 22.Bf4 Qf7
23.Bg3 Qh5 24.Nh4 Be7 25.Nf5 Bxf5 26.Qxf5 Qxf5 27.Bxf5 Rab8 28.Re2 Rb7 29.Be1 Bf6
30.Bc3 c5 31.Be4 dxe4 32.exf6 gxf6 33.Bxf6 a4 34.Rae1 Rf7 35.Bc3 Nd7 36.Kg1 Rfe7
37.Re3 h6 38.Rd1 Kh7 39.Rd6 Nf8 40.Ra6 Ng6 41.g3 Ne5 42.Bxe5 Rxe5 43.Rxa4 Rb8
44.b3 Re6 45.Ra7+ Kg6 46.Rc7 Ra8 47.a4 Re5 48.Rc6+ Kg7 49.Kg2 Rd8 50.g4 Rd3
51.Kf2 h5 52.gxh5 Rxh5 53.Rxd3 exd3 54.Ke3 Rd5 55.Kd2 Kf7 56.a5 c4 57.Rxc4 Rxa5
58.Kxd3 Ke6 59.Rd4 Ke5 60.Rd8 Ra2 61.h4 Rh2 62.Kc4 Rxh4+ 63.Kc5 Ke6 64.b4 Rh1
65.b5 Ke7 66.Rd4 Rc1+ 67.Kb6 Ke6 68.Kb7 Ke7 69.b6 Rc2 70.Kb8 Rc1 71.b7 Ke6
72.Ra4 Kd7 73.Ka8  1-0